Cynthia Erivo Filmography - Statistics

General Stats
  • This quiz has been taken 38 times
    20 since last reset
  • The average score is 17 of 93
Answer Stats
Type Year Name % Correct
Film 2024 Wicked
91%
Film 2025 Wiked: For Good
91%
Film 2019 Harriet
82%
Film 2018 Widows
55%
Film 2027 Children of Blood and Bone
45%
TV Special 2015 Oprah Goes to Broadway: The Color Purple
45%
Film 2022 Pinocchio
45%
Theater 2013, 2015-2017 The Color Purple
45%
Film 2021 Chaos Walking
36%
Theater 2026 Dracula
36%
Film 2023 Drift
36%
Theater 2025 Jesus Christ Superstar
36%
Film 2023 Luther: The Fallen Sun
36%
Film 2021 Needle in a Timestack
36%
Film TBA Prima Facie
36%
Theater 2011-2012 Sister Act
36%
Film 2018 Bad Times at El Royale
27%
Theater 2014 I Can't Sing! The X Factor Musical
27%
Film TBA Karoshi
27%
Web Series 2025 Poker Face
27%
Podcast 2024 1984
18%
Theater 2024 A Little Night Music
18%
Theater 2015 A Midsummer Night's Dream
18%
Web Series 2025 Big Mouth
18%
Podcast 2019 Carrier
18%
Film TBA Carrier
18%
Web Mini-Series 2025 Charlotte's Web
18%
TV Show 2015 Chewing Gum
18%
TV Show 2021 Genius
18%
Theater 2023 Gutenberg!
18%
Theater 2014-2015 Henry IV
18%
TV Show 2023 HouseBroken
18%
Theater 2015 How to Succeed in Business Without Really Trying
18%
Theater 2013 Lift
18%
TV Show 2024 Marvel's Moon Girl and Devil Dinosaur
18%
Web Series 2022 Roar
18%
TV Show 2025 Robogobo
18%
TV Show 2021 RuPaul's Drag Race
18%
Web Series 2023 Star Wars: Visions
18%
Award Show 2025 The 78th Annual Tony Awards
18%
Web Series 2018 The Boss Baby: Back in Business
18%
Theater 2016 The Last Five Years
18%
TV Show 2020 The Outsider
18%
Documentary 2017 The Rape of Recy Taylor
18%
TV Show 2016 The Tunnel
18%
Theater 2011 The Umbrellas of Cherbourg
18%
TV Special 2021 Wicked in Concert
18%
TV Special 2024 2024 Rock & Roll Hall of Fame Induction Ceremony
9%
TV Special 2020, 2021, 2022 A Capitol Fourth
9%
TV Special 2021 A Grammy Salute to The Sounds of Change
9%
TV Show 2020 American Idol
9%
TV Show 2022 BBC Proms
9%
TV Special 2018 Black Girls Rock!
9%
Film TBA Blink Speed
9%
TV Show 2017, 2019 Broad City
9%
Web Series 2024 Celebrity Substitute
9%
TV Documentary 2024 Defying Gravity: The Curtain Rises on Wicked
9%
Web Series 2022 Fraggle Rock: Back to the Rock
9%
TV Show 2024 Great Performances
9%
Podcast 2020 Hank the Cowdog
9%
Web Mini-Series 2020 James and the Giant Peach with Taika and Friends
9%
TV Show 2021, 2024 Jeopardy!
9%
Podcast 2022 Kym
9%
TV Show 2019 Live from Lincoln Center
9%
TV Show 2016 Mr Selfridge
9%
TV Special 2018, 2020, 2024 National Memorial Day Concert
9%
TV Show 2023 Next at the Kennedy Center
9%
TV Special 2017 Night of Too Many Stars
9%
Documentary Mini-Series 2025 Number One on the Call Sheet
9%
Documentary Mini-Series 2022 One Perfect Shot
9%
TV Show 2019 Project Runway All Stars
9%
TV Show 2023 Running Wild with Bear Grylls
9%
Web Series 2025 RuPaul's Drag Race All Stars
9%
TV Show 2017 So Cosmo
9%
Documentary Mini-Series 2021 Soul of a Nation
9%
TV Special 2017 Stayin' Alive: A Grammy Salute to the Music of the Bee Gees
9%
Web Series 2023 Strange Planet
9%
TV Show 2021 Strictly Come Dancing
9%
Web Special 2020 The Rosie O'Donnell Show: A Benefit for the Actors Fund
9%
TV Show 2025 The Voice
9%
TV Show 2017 Today
9%
TV Show 2022 To Tell the Truth
9%
TV Special 2021 We Love NYC: The Homecoming Concert
9%
TV Show 2021 Who Wants to Be a Millionaire
9%
TV Special 2022 AFI Life Achievement Award: A Tribute to Julie Andrews
0%
TV Show 2017 Give
0%
TV Show 2023 Running Wild with Bear Grylls: The Challenge
0%
Web Series 2025 RuPaul's Drag Race All Stars: Untucked!
0%
Theater 2020 School Girls; Or, The African Mean Girls Play
0%
Documentary Mini-Series 2024 Simone Biles Rising
0%
Web Series 2021 Storyline Online
0%
TV Special 2016, 2019, 2023 The Kennedy Center Honors: A Celebration of the Performing Arts
0%
TV Special TBA Wicked Live Musical
0%
No matching quizzes found
Score Distribution
Percent of People with Each Score
Percentile by Number Answered
Your Score History
You have not taken this quiz since the last reset